Central Library OPAC University of Rajshahi

The law and procedure of income-tax in pakistan / (Record no. 46102)

MARC details
000 -LEADER
fixed length control field 00623nam a22002177a 4500
001 - CONTROL NUMBER
control field 46102
003 - CONTROL NUMBER IDENTIFIER
rucl marc code BD-RjUL
005 - DATE AND TIME OF LATEST TRANSACTION
control field 20211209054116.0
008 - FIXED-LENGTH DATA ELEMENTS--GENERAL INFORMATION
fixed length control field 160730s1955 pk ||||| |||| 00| 0 eng d
035 ## - SYSTEM CONTROL NUMBER
System control number (BD-RjUL)46220
040 ## - CATALOGING SOURCE
Original cataloging agency BD-RjUL
Language of cataloging eng
Transcribing agency BD-RjUL
041 ## - LANGUAGE CODE
Language code of text/sound track or separate title eng
082 ## - DEWEY DECIMAL CLASSIFICATION NUMBER
Edition number 23
Author mark and year NAL 1955
100 ## - MAIN ENTRY--PERSONAL NAME
Personal name Naqvi, S.M. Raza
9 (RLIN) 140944
245 10 - TITLE STATEMENT
Title The law and procedure of income-tax in pakistan /
Statement of responsibility, etc. S.M. Raza Naqvi
250 ## - EDITION STATEMENT
Edition statement 2nd enl. edi.
260 ## - PUBLICATION, DISTRIBUTION, ETC. (IMPRINT)
Place of publication, distribution, etc. Lahore :
Name of publisher, distributor, etc. Taxation,
Date of publication, distribution, etc. 1955
300 ## - PHYSICAL DESCRIPTION
Pagination vi, various pg. :
Illustrations ill. ;
Size 21 cm.
650 ## - SUBJECT ADDED ENTRY--TOPICAL TERM
Topical term or geographic name as entry element Income tax
Geographic subdivision Pakistan
9 (RLIN) 138089
942 ## - ADDED ENTRY ELEMENTS (KOHA)
Source of classification or shelving scheme Dewey Decimal Classification
Koha item type Books
Holdings
Lost status Source of classification or shelving scheme Damaged status Not for loan Collection code Permanent Location Current Location Shelving location Date acquired Source of acquisition Cost, normal purchase price Total Checkouts Full call number Date last seen Copy number Koha item type
  Dewey Decimal Classification     Non-fiction Central Library, University of Rajshahi Central Library, University of Rajshahi     Pub. United. 30.80   336.24095491 NAL 1955 30/07/2016 C-2 Books